000 00331nam a22001457a 4500
008 221006b ||||| |||| 00| 0 eng d
020 _a9780323091374
041 _aeng
080 _28th edition
_a610.73
082 _2610.73 GUL
100 _a6
101 _aINF
245 _aNURSING CARE PLANS
_cGULANICK M
942 _2udc
_cBK
999 _c58366
_d58366